| 000 | 02604nam0a2200337 4500 | ||
|---|---|---|---|
| 001 | RU\NLR\BIBL_A\022687568 | ||
| 005 | 20260420061515.0 | ||
| 010 |
_a978-5-8037-0984-8 _9300 |
||
| 021 |
_aRU _bКН-П-25-067105 _9КН-П-25-6483 |
||
| 035 | _a(NLR Aleph) 022687568 | ||
| 090 |
_a13686957 _c13686957 |
||
| 100 | _a20251215d2025 m y0rusy50 ca | ||
| 101 | 0 | _arus | |
| 102 | _aRU | ||
| 105 | _aa j 000yy | ||
| 181 | 0 |
_ai3 _baxxe |
|
| 182 | 0 | _an | |
| 200 | 1 |
_aБережливое производство, Quality 4.0 при планировании, разработке и подготовке производства изделий (APQP) _eучебное пособие _e[для обучающихся по направлению "Управление в технических системах" профиля "Управления и информатика в технических системах" (27.03.04), по направлению "Прикладная информатика" (09.03.03), "Информационная безопавность объектов информации на базе компьютерных систем" (10.05.01)] _fВ. Е. Петров. О. А. Лобанов, Н. В. Елисеева _gМинистерство науки и высшего образования Российской Федерации, Федеральное государственное автономное образовательное учреждение высшего образования "Московский государственный технологический университет "СТАНКИН" |
|
| 203 |
_aТекст _bвизуальный _cнепосредственный |
||
| 210 |
_aМосква _cЯнус-К _d2025 |
||
| 215 |
_a103 c. _cил. _d21 |
||
| 320 | _aБиблиогр.: с. 94-96 (24 назв.) | ||
| 606 | 1 |
_aКачество продукции _jУчебные издания для высших учебных заведений _xУправление _xИнформационные технологии _92504276 _3RU\NLR\AUTH\6601700390 |
|
| 686 | 1 | _aУ5-823.2-210.302я73 | |
| 700 | 1 |
_7ca _8rus _aПетров _bВ. Е. _cспециалист по системам автоматики и телемеханики _gВалерий Евгеньевич _9264163 _3RU\NLR\AUTH\770264219 |
|
| 701 | 1 |
_aЛобанов _bО. А. _gОлег Андреевич |
|
| 701 | 1 |
_aЕлисеева _bН. В. _gНаталья Владимировна |
|
| 942 | _cBOOK | ||
| 980 | _aNB | ||